Statistics for Coffee Quiz

Click here to take the quiz!

General Stats

  • This quiz has been taken 483 times
  • The average score is 10 of 16

Answer Stats

HintAnswer% Correct
Espresso and hot steamed milk, milkier than #3Caffè latte
89%
Coffee served coldIced coffee
83%
Coffee served without milk or creamBlack
82%
Brewed by forcing steam through ground coffee beansEspresso
79%
Occupation that involves producing espresso-based coffee drinksBarista
75%
Espresso with hot water addedCaffè Americano
75%
Process by which caffeine is removed from coffee beansDecaffeination
68%
Country producing the most coffee beans worldwideBrazil
67%
Espresso and frothed milk made with pressurised steamCappuccino
67%
Coffee combined with whiskey and cream, often sweetenedIrish coffee
65%
Coffee-flavoured Italian dessertTiramisu
61%
Soluble powder, made from dried or freeze-dried ground beansInstant coffee
55%
Scoop of vanilla ice cream topped with a shot of hot espressoAffogato
35%
Made by slowly pouring hot water over crushed beans in a filterDrip brew
34%
Country consuming the most coffee per person worldwideFinland
16%
Coffee with hot milk addedCafé au lait
15%

Score Distribution

Percentile by Number Answered

Percent of People with Each Score

Your Score History

You have not taken this quiz